Los pirineos
Saved in:
| Hovedforfatter: | |
|---|---|
| Format: | Bog |
| Sprog: | spansk |
| Udgivet: |
Barcelona
Juventud
1949
|
| Serier: | Geografía e Historia
|
| Fag: | |
| Tags: |
Tilføj Tag
Ingen Tags, Vær først til at tagge denne postø!
|
MARC
| LEADER | 00000nam a2200000 a 4500 | ||
|---|---|---|---|
| 001 | UCU1938 | ||
| 003 | CL-VaPUC | ||
| 008 | 960419e19490000SP |||||||||||||||||spa|d | ||
| 082 | 0 | 4 | |a 911.19 |b SOR |2 21 |
| 100 | 0 | |a Sorre, Maximilien |e author |9 357726 | |
| 245 | 1 | 4 | |a Los pirineos |
| 300 | |a 174 p | ||
| 942 | |c BK | ||
| 945 | |d 19960419 00:00:00 |a cmena | ||
| 260 | |a Barcelona |b Juventud |c 1949 | ||
| 650 | 0 | |a Geografía física |9 259347 | |
| 650 | 7 | |a MONTAÑAS |2 CL-VaPUC |9 351402 | |
| 650 | 0 | |a Topografía |9 260423 | |
| 650 | 7 | |a COLINAS |2 CL-VaPUC |9 357727 | |
| 650 | 7 | |a CONTINENTES |2 CL-VaPUC |9 357728 | |
| 651 | 7 | |a PIRINEOS |2 CL-VaPUC |9 332720 | |
| 651 | 0 | |a Francia |9 255157 | |
| 651 | 0 | |a España |9 254926 | |
| 583 | |a last modification |c 19960419 00:00:00 |k Rodrigo Vera | ||
| 490 | 0 | |a Geografía e Historia | |
| 999 | |c 246363 |d 246361 | ||